|
|
|
|
| LEADER |
00000nam0a2200000 4500 |
| 001 |
310135 |
| 005 |
20231102002246.0 |
| 035 |
|
|
|a (RuTPU)RU\TPU\book\335476
|
| 090 |
|
|
|a 310135
|
| 100 |
|
|
|a 20151121d1975 k y0rusy50 ca
|
| 101 |
|
|
|a rus
|
| 102 |
|
|
|a RU
|
| 105 |
|
|
|a a z 001zy
|
| 200 |
1 |
|
|a Термодинамика флюидной фазы гранатоидных магм
|e [монография]
|f И. Д. Рябчиков
|g Академия наук СССР, Институт геологии рудных месторождений, петрографии, минералогии и геохимии
|
| 210 |
|
|
|a Москва
|c Наука
|d 1975
|
| 215 |
|
|
|a 232 с.
|c ил.
|
| 316 |
|
|
|5 63413507: КР-7540
|a На форзаце владельческая подпись: «Л. Рихванов 12 июня 1975 г. Томск»
|
| 317 |
|
|
|5 63413507: КР-7540
|a Поступил в НТБ в 2021 г. в дар от семьи профессора ТПУ Л. П. Рихванова
|
| 320 |
|
|
|a Библиогр.: с. 216-230
|
| 330 |
|
|
|a В монографии представлены результаты экспериментальных и теоретических исследований фазовых равновесий в силикатных системах с водой и дополнительными солевыми и летучими компонентами, а также распределения ряда рудных металлов между фазами подобных систем. На основе полученной физико-химической информации показаны термодинамические параметры процессов обособления магматических флюидов, их состав и особенности эволюции в ходе становления гранитоидных массивов малых и средних глубин; дана оценка рудогенерирующей способности кислых магм в отношении халькофипьных металлов. Установлен различный характер фазовых взаимоотношений на стадии ретроградной дистилляции в зависимости от глубин кристаллизации гранитных расплавов; доказана достаточность магматического источника для формирования гидротермальных месторождений. Книга рассчитана на геохимиков, минералогов, петрографов, геологов и других специалистов, изучающих генезис рудных месторождений.
|
| 606 |
1 |
|
|a Гранитоиды
|x Происхождение
|2 stltpush
|3 (RuTPU)RU\TPU\subj\8547
|9 35939
|
| 610 |
1 |
|
|a рудообразование гидротермальное
|
| 610 |
1 |
|
|a кристаллизация
|
| 610 |
1 |
|
|a физико-химический анализ
|
| 610 |
1 |
|
|a кислые магмы
|
| 610 |
1 |
|
|a летучие компоненты
|
| 610 |
1 |
|
|a Библиотека Л. П. Рихванова
|
| 610 |
1 |
|
|a дары библиотеке
|
| 610 |
1 |
|
|a владельческие подписи
|
| 675 |
|
|
|a 552.321.1/.3
|v 4
|
| 700 |
|
1 |
|a Рябчиков
|b И. Д.
|g Игорь Дмитриевич
|
| 712 |
0 |
2 |
|a Академия наук СССР
|b Институт геологии рудных месторождений, петрографии, минералогии и геохимии
|c (Москва)
|2 stltpush
|3 (RuTPU)RU\TPU\col\11398
|9 25090
|
| 801 |
|
1 |
|a RU
|b 63413507
|c 20151121
|
| 801 |
|
2 |
|a RU
|b 63413507
|c 20220712
|g RCR
|
| 942 |
|
|
|c BK
|